Central Library OPAC University of Rajshahi

Philosophy, morality, and international affairs : (Record no. 56873)

MARC details
000 -LEADER
fixed length control field 00990nam a2200289 4500
001 - CONTROL NUMBER
control field 56873
003 - CONTROL NUMBER IDENTIFIER
rucl marc code BD-RJUL
005 - DATE AND TIME OF LATEST TRANSACTION
control field 20211209080438.0
008 - FIXED-LENGTH DATA ELEMENTS--GENERAL INFORMATION
fixed length control field 161204s1974 nyu b 001 0 eng
035 ## - SYSTEM CONTROL NUMBER
System control number BD-RjUL56997
System control number (OCoLC)00940428
System control number GLIS00004149
040 ## - CATALOGING SOURCE
Original cataloging agency BD-RjUL
Language of cataloging eng
Transcribing agency BD-RjUL
041 ## - LANGUAGE CODE
Language code of text/sound track or separate title eng
082 ## - DEWEY DECIMAL CLASSIFICATION NUMBER
Edition number 23
Classification number 172.4
Author mark and year HEP 1974
090 ## - LOCALLY ASSIGNED LC-TYPE CALL NUMBER (OCLC); LOCAL CALL NUMBER (OCLC)
Classification number (OCLC) (R) ; Classification number, CALL (RLIN) (NR) JX1255
Local cutter number (OCLC) ; Book number/undivided call number, CALL (RLIN) .P45
099 ## - LOCAL FREE-TEXT CALL NUMBER (OCLC)
Bangla Class number JX1255.P45
100 ## - MAIN ENTRY--PERSONAL NAME
Personal name Held, Virginia
9 (RLIN) 169077
245 10 - TITLE STATEMENT
Title Philosophy, morality, and international affairs :
Remainder of title essays edited for the Society for Philosophy and Public Affairs /
Statement of responsibility, etc. [by] Virginia Held, Sidney Morgenbesser [and] Thomas Nagel.
260 ## - PUBLICATION, DISTRIBUTION, ETC. (IMPRINT)
Place of publication, distribution, etc. New York :
Name of publisher, distributor, etc. Oxford University Press,
Date of publication, distribution, etc. 1974.
300 ## - PHYSICAL DESCRIPTION
Pagination x, 338 p. ;
Size 21 cm.
504 ## - BIBLIOGRAPHY, ETC. NOTE
Bibliography, etc Includes bibliographical references.
650 #0 - SUBJECT ADDED ENTRY--TOPICAL TERM
Topical term or geographic name as entry element International relations.
9 (RLIN) 169078
700 1# - ADDED ENTRY--PERSONAL NAME
Personal name Nagel, Thomas,
Dates associated with a name 1937-
710 2# - ADDED ENTRY--CORPORATE NAME
Corporate name or jurisdiction name as entry element Society for Philosophy and Public Affairs.
9 (RLIN) 169080
942 ## - ADDED ENTRY ELEMENTS (KOHA)
Source of classification or shelving scheme Dewey Decimal Classification
Koha item type Books
Holdings
Lost status Source of classification or shelving scheme Damaged status Not for loan Collection code Permanent Location Current Location Shelving location Date acquired Source of acquisition Cost, normal purchase price Total Checkouts Full call number Date last seen Copy number Koha item type
  Dewey Decimal Classification   Not For Loan Non-fiction Central Library, University of Rajshahi Central Library, University of Rajshahi Reading Room 18/06/2008 USIS 0.00   172.4 HEP 1974 04/12/2016 C-1 Books